[Event "Sparkassen-Open A"]
[Site "Heusenstamm, Martinsee"]
[Date "2017.11.25"]
[Round "4.95"]
[White "Bakiev, Diyor"]
[Black "Kornitzky, Tino"]
[Result "0-1"]
[WhiteElo "1664"]
[BlackElo "1922"]
[PlyCount "70"]
[EventDate "2017.??.??"]
[WhiteTeam "SV Ffm-Griesheim"]
[BlackTeam "SC Erlangen"]

1. e4 d5 2. exd5 Qxd5 3. Nc3 Qd8 4. d4 g6 5. Nf3 Bg7 6. Bc4 Nh6 7. O-O Nf5 8.
Be3 Nxe3 9. fxe3 O-O 10. Qe2 a6 11. Rf2 e6 12. Raf1 Nd7 13. Ne4 h6 14. g4 b5
15. Bd3 Qe7 16. Rg2 e5 17. c3 Bb7 18. dxe5 Nxe5 19. Ned2 Rae8 20. Re1 Qe6 21.
h3 Qxa2 22. Be4 Bxe4 23. Nxe4 Nc4 24. Qc2 Re7 25. g5 Rfe8 26. Nfd2 Nxd2 27.
Nxd2 hxg5 28. Rxg5 Bh6 29. Rg4 Qd5 30. Nf1 Qc5 31. Qd3 Bxe3+ 32. Nxe3 Rxe3 33.
Rxg6+ Kf8 34. Rxe3 Rxe3 35. Rc6 Qg5+ 0-1

[Event "Sparkassen-Open A"]
[Site "Heusenstamm, Martinsee"]
[Date "2017.11.25"]
[Round "4.96"]
[White "Masoudi, Kian"]
[Black "Lotz, Ralf"]
[Result "0-1"]
[WhiteElo "1581"]
[BlackElo "1910"]
[PlyCount "112"]
[EventDate "2017.??.??"]
[WhiteTeam "SC Bergen-Enkheim"]
[BlackTeam "SC Obertshausen"]

1. e4 c6 2. Nc3 e6 3. Nf3 d5 4. exd5 exd5 5. d4 Nf6 6. Bf4 Be7 7. Bd3 O-O 8. h3
Re8 9. O-O Nbd7 10. Ne5 Nf8 11. Ne2 Ne4 12. Ng3 Nd6 13. Qh5 f6 14. Nf3 Be6 15.
Nh2 Bf7 16. Qg4 Bg6 17. Bxg6 hxg6 18. Rfe1 f5 19. Qd1 Ne4 20. Ngf1 Bd6 21. Bxd6
Qxd6 22. Nf3 Nd7 23. N1d2 Ndf6 24. c4 dxc4 25. Nxc4 Qd5 26. Ne3 Qe6 27. Ne5 Kh7
28. Qf3 Nd7 29. Nd3 Qf6 30. d5 c5 31. Re2 Ne5 32. Nxe5 Qxe5 33. Rd1 Ng5 34. Qg3
f4 35. Qh4+ Kg8 36. Rde1 Qf6 37. Qg4 fxe3 38. fxe3 Qf5 39. Qc4 Ne4 40. Rf1 Qd7
41. d6+ Qe6 42. Qxe6+ Rxe6 43. d7 Rd8 44. Rd1 Re7 45. g3 Rexd7 46. Rxd7 Rxd7
47. Kg2 Rd2 48. Rxd2 Nxd2 49. Kf2 Kf7 50. Ke2 Nc4 51. b3 Ne5 52. e4 Ke6 53. Ke3
g5 54. Ke2 Ng6 55. Kd3 b5 56. Ke3 Ke5 0-1

[Event "Sparkassen-Open A"]
[Site "Heusenstamm, Martinsee"]
[Date "2017.11.25"]
[Round "4.97"]
[White "Rödiger, Thomas"]
[Black "Kilthau, Peter"]
[Result "1-0"]
[WhiteElo "2006"]
[BlackElo "1826"]
[PlyCount "44"]
[EventDate "2017.??.??"]
[WhiteTeam "SC Bad Soden"]
[BlackTeam "SK Mannheim"]

1. d4 Nf6 2. c4 g6 3. Nc3 Bg7 4. Nf3 d6 5. g3 c6 6. Bg2 O-O 7. O-O Re8 8. Qc2
Qc7 9. b3 a6 10. Bb2 Nbd7 11. Rad1 d5 12. cxd5 cxd5 13. Rc1 Kh8 14. Qd1 Qb8 15.
Qd2 b5 16. Ne5 Nxe5 17. dxe5 Ne4 18. Nxe4 dxe4 19. Bxe4 Bb7 20. Bxb7 Qxb7 21.
Rfd1 h5 22. e6 fxe6 1-0

[Event "Sparkassen-Open A"]
[Site "Heusenstamm, Martinsee"]
[Date "2017.11.25"]
[Round "4.98"]
[White "Jordake, Michael"]
[Black "Feicht, Arno"]
[Result "0-1"]
[WhiteElo "1813"]
[BlackElo "1988"]
[PlyCount "118"]
[EventDate "2017.??.??"]
[WhiteTeam "SC Bergen-Enkheim"]
[BlackTeam "SV Alsfeld"]

1. Nc3 d5 2. e4 dxe4 3. Nxe4 Nd7 4. Nf3 Ngf6 5. Ng3 b6 6. Bc4 e6 7. d3 Be7 8.
O-O O-O 9. Bd2 Bb7 10. Bc3 Nd5 11. Bd2 Bf6 12. d4 g6 13. Re1 Bg7 14. Bb3 c5 15.
c3 cxd4 16. Nxd4 Nc5 17. Nf3 Nxb3 18. axb3 Qc7 19. Ne2 a6 20. Qc1 Ne7 21. Nfd4
e5 22. Nc2 Qc6 23. f3 Nf5 24. Ng3 Nh4 25. Ne4 a5 26. Bg5 Nf5 27. Ne3 h6 28.
Nxf5 gxf5 29. Nf6+ Bxf6 30. Bxh6 Bg7 31. Bxg7 Kxg7 32. Rxe5 Qg6 33. Qe3 Bc6 34.
Re1 Rab8 35. Qf4 Rbe8 36. Kf2 Rxe5 37. Rxe5 Bd7 38. g4 Qh6 39. g5 Qd6 40. Kg3
Qd1 41. Kf2 Rh8 42. Re1 Qd5 43. Kg3 Be6 44. h4 Rd8 45. h5 Qd6 46. Re5 Qd2 47.
Re3 Kh7 48. g6+ Kg7 49. Qe5+ Kf8 50. Qh8+ Ke7 51. Qh6 Qd6+ 52. f4 Qd1 53. Rxe6+
Kxe6 54. gxf7+ Kxf7 55. Qg6+ Ke7 56. Qg7+ Kd6 57. Qf6+ Kc7 58. Qf7+ Kb8 59. Kh4
Qg4# 0-1

[Event "Sparkassen-Open A"]
[Site "Heusenstamm, Martinsee"]
[Date "2017.11.25"]
[Round "4.99"]
[White "Köllner, Felicitas Ophelia"]
[Black "Blübaum, Johanna"]
[Result "1-0"]
[WhiteElo "1766"]
[BlackElo "1974"]
[PlyCount "69"]
[EventDate "2017.??.??"]
[WhiteTeam "SV Bergneustadt/Derschlag"]
[BlackTeam "SV Königsspringer Lemgo"]

1. d4 d5 2. Nf3 Nf6 3. e3 c6 4. Bd3 g6 5. Nbd2 Bg7 6. c3 Nbd7 7. O-O O-O 8. e4
Nxe4 9. Nxe4 dxe4 10. Bxe4 Nf6 11. Bd3 Qc7 12. Re1 Bg4 13. h3 Be6 14. Ne5 Nd5
15. Bd2 Rad8 16. Qe2 Rfe8 17. h4 Qc8 18. h5 Bf5 19. hxg6 hxg6 20. Bxf5 Qxf5 21.
Qf3 Qxf3 22. Nxf3 Nb6 23. Re2 Rd5 24. Rae1 Bf6 25. Bf4 Nd7 26. Ne5 Nb6 27. Ng4
Red8 28. Nxf6+ exf6 29. Bc7 Ra8 30. Re8+ Rxe8 31. Rxe8+ Kg7 32. Bxb6 axb6 33.
Re7 Rb5 34. b4 c5 35. a4 1-0

[Event "Sparkassen-Open A"]
[Site "Heusenstamm, Martinsee"]
[Date "2017.11.25"]
[Round "4.100"]
[White "Hochmuth, Christian"]
[Black "Sallwey, Rainer"]
[Result "1-0"]
[WhiteElo "1911"]
[BlackElo "1436"]
[PlyCount "125"]
[EventDate "2017.??.??"]
[WhiteTeam "SG Wächtersbach"]
[BlackTeam "SK Langen"]

1. Nf3 Nf6 2. g3 b6 3. Bg2 Bb7 4. c4 c5 5. d3 e6 6. O-O Be7 7. Re1 O-O 8. Nc3
d6 9. e4 e5 10. Rf1 Nc6 11. Ne1 Nd7 12. Bh3 Nd4 13. Ne2 Nxe2+ 14. Qxe2 Nb8 15.
f4 Nc6 16. Be3 Bc8 17. Bg2 f6 18. f5 Nd4 19. Qd1 a6 20. h4 Rb8 21. g4 h6 22.
Rf2 Bd7 23. Bf1 Kf7 24. Rg2 Rg8 25. Be2 Nxe2+ 26. Qxe2 Kf8 27. Nf3 Be8 28. Kf2
Bf7 29. Rag1 Ke8 30. g5 hxg5 31. hxg5 Kd7 32. Nh4 fxg5 33. Bxg5 Bf6 34. Nf3 Qe7
35. Qc2 Kc7 36. Be3 a5 37. Kf1 Be8 38. Bd2 a4 39. Ng5 Bd7 40. Nh7 Qf7 41. Ng5
Qe7 42. Ke2 Ra8 43. Kd1 Kb7 44. Kc1 Kc7 45. Kb1 Kc6 46. Ka1 Kb7 47. Nh3 Qf7 48.
Rg6 Qe7 49. Nf2 Be8 50. R6g2 Qf7 51. Ng4 Bd7 52. Ne3 Bc6 53. Rg6 Qe7 54. Nd1
Be8 55. R6g2 Bd7 56. Nc3 Bc6 57. Qc1 Rh8 58. Bg5 Rhf8 59. Qd2 Rf7 60. a3 Rff8
61. Ka2 Qd7 62. Bxf6 gxf6 63. Qh6 1-0

[Event "Sparkassen-Open A"]
[Site "Heusenstamm, Martinsee"]
[Date "2017.11.25"]
[Round "4.101"]
[White "Haller, Luis"]
[Black "Tjahja, Deryl"]
[Result "1/2-1/2"]
[WhiteElo "1711"]
[BlackElo "1904"]
[PlyCount "76"]
[EventDate "2017.??.??"]
[WhiteTeam "SF Konz-Karthaus"]
[BlackTeam "SGem Vaihingen-Rohr"]

1. d4 g6 2. e4 Bg7 3. f4 c5 4. Be3 Nc6 5. c3 cxd4 6. cxd4 d5 7. e5 Nh6 8. Nc3
O-O 9. Nf3 Bg4 10. h3 Nf5 11. hxg4 Nxe3 12. Qe2 Nxg4 13. Rxh7 Kxh7 14. Ng5+ Kg8
15. Qxg4 Bh6 16. O-O-O Bxg5 17. fxg5 Kg7 18. Bd3 Qc8 19. Qf4 a6 20. a3 Qe6 21.
Be2 Rh8 22. Rf1 Nd8 23. Bg4 Rh4 24. Bxe6 Rxf4 25. Rxf4 fxe6 26. Na4 Rc8+ 27.
Kd2 Rc6 28. Nc5 a5 29. b4 b6 30. b5 Rc7 31. Na4 Nf7 32. Rg4 Kf8 33. Kd3 Ke8 34.
Rh4 Kf8 35. Rh7 Kg8 36. Rh4 Kg7 37. Rg4 Kf8 38. Rg3 Kg7 1/2-1/2

[Event "Sparkassen-Open A"]
[Site "Heusenstamm, Martinsee"]
[Date "2017.11.25"]
[Round "4.102"]
[White "Schmitt, Clemens"]
[Black "Büse, Ralf"]
[Result "1/2-1/2"]
[WhiteElo "1713"]
[BlackElo "1881"]
[PlyCount "61"]
[EventDate "2017.??.??"]
[WhiteTeam "SV Bergwinkel"]
[BlackTeam "SC Ladja Roßdorf"]

1. c4 e6 2. g3 f5 3. Bg2 Nf6 4. Nc3 d5 5. cxd5 exd5 6. Nf3 c6 7. O-O Bd6 8. d3
O-O 9. e4 fxe4 10. dxe4 dxe4 11. Qb3+ Kh8 12. Ng5 Qe7 13. Ncxe4 Nxe4 14. Nxe4
Be6 15. Qc3 Bb4 16. Bg5 Bxc3 17. Bxe7 Re8 18. Nxc3 Rxe7 19. Rfe1 Nd7 20. Bh3
Rae8 21. Bxe6 Rxe6 22. Rxe6 Rxe6 23. Rd1 Re7 24. Ne4 g6 25. Nd6 Nf6 26. Kf1 Kg7
27. Re1 Rd7 28. Ne8+ Nxe8 29. Rxe8 Kf7 30. Re2 a5 31. f4 1/2-1/2

[Event "Sparkassen-Open A"]
[Site "Heusenstamm, Martinsee"]
[Date "2017.11.25"]
[Round "4.103"]
[White "Bittner, Peter"]
[Black "Lehmann, Tim"]
[Result "1/2-1/2"]
[WhiteElo "1877"]
[BlackElo "1818"]
[PlyCount "65"]
[EventDate "2017.??.??"]
[WhiteTeam "SC Nied"]
[BlackTeam "SV Lahn Limburg"]

1. e4 c5 2. Nf3 d6 3. d4 cxd4 4. Nxd4 Nf6 5. Nc3 a6 6. Be2 e5 7. Nb3 Be7 8. Bg5
Be6 9. O-O O-O 10. Bxf6 Bxf6 11. Nd5 Bxd5 12. Qxd5 Qc7 13. c3 Nc6 14. Rad1 Rfd8
15. Qd3 g6 16. Qf3 Bg7 17. g3 Qe7 18. Rd5 Rac8 19. Rfd1 Bf8 20. Nd2 b5 21. a3
Qe6 22. Nf1 Kg7 23. Ne3 Ne7 24. R5d2 Rc5 25. Nd5 Nxd5 26. Rxd5 Rdc8 27. Qe3 Be7
28. R1d3 f5 29. exf5 gxf5 30. Rxc5 Rxc5 31. Bf1 e4 32. Bg2 Qe5 33. Rd1 1/2-1/2

[Event "Sparkassen-Open A"]
[Site "Heusenstamm, Martinsee"]
[Date "2017.11.25"]
[Round "4.104"]
[White "Deuer, Marius"]
[Black "Reinhold, Günther"]
[Result "0-1"]
[WhiteElo "1754"]
[BlackElo "1861"]
[PlyCount "114"]
[EventDate "2017.??.??"]
[WhiteTeam "SC Weiße Dame Ulm"]
[BlackTeam "Frankfurter TV"]

1. e4 c5 2. Nf3 e6 3. c3 Nf6 4. e5 Nd5 5. d4 Nc6 6. c4 Nc7 7. d5 exd5 8. cxd5
Nd4 9. Nxd4 cxd4 10. d6 Ne6 11. Bc4 Qa5+ 12. Nd2 Qxe5+ 13. Qe2 Bxd6 14. Ne4
Bb4+ 15. Bd2 Bxd2+ 16. Nxd2 Qxe2+ 17. Kxe2 b6 18. Kd3 Bb7 19. Bxe6 dxe6 20.
Kxd4 O-O 21. f3 Rfd8+ 22. Ke3 Rd7 23. Rac1 Rad8 24. Rc2 Ba6 25. Ne4 h6 26. Re1
f5 27. Nc3 Kf7 28. Nb1 g5 29. g3 Kf6 30. Rec1 Rd3+ 31. Kf2 Bb7 32. Rc7 Rxf3+
33. Ke2 Be4 34. Rxa7 Rfd3 35. Ra6 R8d6 36. Rf1 Ke5 37. Re1 R3d4 38. Kf2 Rd1 39.
Nc3 R1d2+ 40. Re2 Rxe2+ 41. Nxe2 Bd5 42. Ra7 Kf6 43. Nc3 Bc6 44. Ra6 Rd2+ 45.
Ke3 Rxb2 46. a4 Bb7 47. Ra7 Bd5 48. Ra6 Bc4 49. Ra7 Ke5 50. Rb7 f4+ 51. gxf4+
gxf4+ 52. Kf3 Rb3 53. a5 Rxc3+ 54. Kg4 Be2+ 55. Kh4 bxa5 56. h3 Bf1 57. Kg4
Rg3+ 0-1

[Event "Sparkassen-Open A"]
[Site "Heusenstamm, Martinsee"]
[Date "2017.11.25"]
[Round "4.105"]
[White "Gude, Michael"]
[Black "Kirchner, Markus"]
[Result "0-1"]
[WhiteElo "1659"]
[BlackElo "1849"]
[PlyCount "70"]
[EventDate "2017.??.??"]
[WhiteTeam "SF Fürth"]
[BlackTeam "SF Schöneck"]

1. e4 e6 2. d4 d5 3. e5 c5 4. c3 Qb6 5. Nf3 Bd7 6. Na3 Nc6 7. Nc2 cxd4 8. cxd4
Rc8 9. Be2 Nge7 10. O-O Na5 11. b3 Bb5 12. Ba3 Bxe2 13. Qxe2 Nac6 14. Bc5 Qd8
15. Rac1 Nf5 16. Bxf8 Rxf8 17. Rfd1 a6 18. a3 Qb6 19. b4 Kd7 20. Qd3 h6 21. Kf1
Na7 22. Ne3 Nxe3+ 23. fxe3 Qb5 24. Rc5 Qxd3+ 25. Rxd3 b6 26. Rxc8 Rxc8 27. Nd2
Rc2 28. e4 Ra2 29. exd5 exd5 30. h4 Nb5 31. g4 Rxa3 32. Rxa3 Nxa3 33. Nb3 Nc2
34. b5 a5 35. Ke2 a4 0-1

[Event "Sparkassen-Open A"]
[Site "Heusenstamm, Martinsee"]
[Date "2017.11.25"]
[Round "4.106"]
[White "Grund, Sebastian"]
[Black "Schäfer, Peter Felix"]
[Result "1-0"]
[WhiteElo "1799"]
[BlackElo "1813"]
[PlyCount "67"]
[EventDate "2017.??.??"]
[WhiteTeam "MTV Saalfeld"]
[BlackTeam "vereinslos"]

1. d4 e6 2. Nf3 d5 3. c4 Nf6 4. g3 c6 5. Bg2 Bb4+ 6. Bd2 Bd6 7. O-O O-O 8. Qc2
Ne4 9. Nc3 f5 10. Rab1 a5 11. a3 Nd7 12. b4 axb4 13. axb4 Qf6 14. e3 g5 15. b5
h5 16. bxc6 bxc6 17. cxd5 g4 18. Nxe4 fxe4 19. Ne5 cxd5 20. Qc6 Ra6 21. Nxd7
Rxc6 22. Nxf6+ Rxf6 23. Rfc1 Rxc1+ 24. Rxc1 Bd7 25. Rb1 Rf7 26. Bf1 Kg7 27. h3
Kf6 28. hxg4 hxg4 29. Be2 e5 30. Rb6 Ke7 31. dxe5 Bxe5 32. Bb4+ Kd8 33. Bd6 Rf6
34. Rb8+ 1-0

[Event "Sparkassen-Open A"]
[Site "Heusenstamm, Martinsee"]
[Date "2017.11.25"]
[Round "4.107"]
[White "Bajorski, Marius"]
[Black "Rüll, Michael"]
[Result "1/2-1/2"]
[WhiteElo "1843"]
[BlackElo "1801"]
[PlyCount "128"]
[EventDate "2017.??.??"]
[WhiteTeam "SV Hofheim"]
[BlackTeam "SC Obertshausen"]

1. e4 c5 2. Nf3 Nc6 3. Bb5 g6 4. Bxc6 dxc6 5. h3 Bg7 6. d3 c4 7. dxc4 Qxd1+ 8.
Kxd1 Be6 9. Nbd2 O-O-O 10. Ke2 h6 11. Rb1 Nf6 12. b3 Nd7 13. Bb2 Bxb2 14. Rxb2
f6 15. Rd1 Bf7 16. Rbb1 e5 17. Kd3 Nc5+ 18. Kc3 Rd7 19. Nh2 Rhd8 20. f3 f5 21.
exf5 gxf5 22. Nhf1 e4 23. Ne3 f4 24. Ng4 e3 25. Ne5 Rxd2 26. Rxd2 Rxd2 27. Nxf7
Rxg2 28. Ne5 Rh2 29. Ng6 Ne6 30. h4 Rf2 31. Ne5 c5 32. b4 b6 33. bxc5 bxc5 34.
Nc6 Rxf3 35. Nxa7+ Kc7 36. Nb5+ Kd7 37. Rd1+ Ke7 38. Kd3 Rh3 39. a4 Kd7 40.
Ke4+ Kc8 41. Nd6+ Kb8 42. Nf5 h5 43. Re1 Rh2 44. Ke5 Nd4 45. Kxf4 Rf2+ 46. Kxe3
Rxf5 47. Rb1+ Kc7 48. c3 Rf3+ 49. Kd2 Nf5 50. Rb5 Kd6 51. Rb6+ Kd7 52. Rb5 Nd6
53. Rxc5 Rf5 54. Rxf5 Nxf5 55. Kd3 Nxh4 56. Ke4 Kc6 57. Kf4 Ng6+ 58. Kg5 h4 59.
Kg4 Kb6 60. Kh3 Kc6 61. Kg4 Kc5 62. a5 Kc6 63. Kh3 Kc7 64. c5 Kb7 1/2-1/2

[Event "Sparkassen-Open A"]
[Site "Heusenstamm, Martinsee"]
[Date "2017.11.25"]
[Round "4.108"]
[White "Papadopoulos, Ioannis"]
[Black "Binner, Peter"]
[Result "1/2-1/2"]
[WhiteElo "1836"]
[BlackElo "1788"]
[PlyCount "65"]
[EventDate "2017.??.??"]
[WhiteTeam "SV Oberursel"]
[BlackTeam "Vorw.Orient Mainz"]

1. e4 c5 2. Nf3 e6 3. d4 cxd4 4. Nxd4 a6 5. Nc3 Qc7 6. Be2 Nf6 7. O-O Be7 8.
Be3 d6 9. f4 Nbd7 10. Qe1 b6 11. Qg3 Bb7 12. Bd3 Nc5 13. e5 Nh5 14. Qf2 g6 15.
Be2 Ng7 16. Bf3 O-O 17. Bxb7 Qxb7 18. Rad1 Rad8 19. Qf3 Qxf3 20. Rxf3 d5 21.
Nc6 Rde8 22. Nxe7+ Rxe7 23. g4 Rc8 24. Rd4 Rec7 25. Rf2 b5 26. a3 Nd7 27. Rdd2
Rc4 28. Bd4 Nb8 29. Rf1 Nc6 30. Rfd1 Nxd4 31. Rxd4 h5 32. h3 Kf8 33. Kf2
1/2-1/2

[Event "Sparkassen-Open A"]
[Site "Heusenstamm, Martinsee"]
[Date "2017.11.25"]
[Round "4.109"]
[White "Fröhlich-Dill, Astrid"]
[Black "Ohler, Julius"]
[Result "1/2-1/2"]
[WhiteElo "1830"]
[BlackElo "1646"]
[PlyCount "65"]
[EventDate "2017.??.??"]
[WhiteTeam "SV Hofheim"]
[BlackTeam "SG Trier"]

1. d4 d5 2. Nf3 Nf6 3. c4 e6 4. Nc3 Be7 5. Bf4 c6 6. e3 O-O 7. h3 Nbd7 8. c5 b6
9. b4 a5 10. b5 Bb7 11. a4 bxc5 12. Be2 cxd4 13. exd4 Bb4 14. Bd2 cxb5 15. axb5
Bxc3 16. Bxc3 Ne4 17. Bb2 Nb6 18. Bd3 Nc4 19. Bc1 Qc7 20. O-O f5 21. Qb3 Rfc8
22. Rd1 a4 23. Qb4 Qd6 24. Qe1 Rc7 25. g3 Qb6 26. Bf4 Rd7 27. Qb4 Qa5 28. Rdb1
Qxb4 29. Rxb4 Nb6 30. Ne5 Re7 31. Nc6 Rd7 32. Kg2 g5 33. Be5 1/2-1/2

[Event "Sparkassen-Open A"]
[Site "Heusenstamm, Martinsee"]
[Date "2017.11.25"]
[Round "4.110"]
[White "Bengsch, Norbert"]
[Black "Tojcic, Josip"]
[Result "0-1"]
[WhiteElo "1799"]
[BlackElo "1722"]
[PlyCount "88"]
[EventDate "2017.??.??"]
[WhiteTeam "SG Donautal Tuttlingen"]
[BlackTeam "Frankfurter TV"]

1. d4 d5 2. Nf3 Bf5 3. c4 Nf6 4. Nc3 e6 5. Qb3 b6 6. cxd5 exd5 7. Bg5 c6 8. Ne5
Be7 9. e3 Qd6 10. a3 Nbd7 11. Bf4 Qe6 12. Nxd7 Nxd7 13. Be2 O-O 14. Rc1 Rfc8
15. O-O b5 16. Bf3 Nb6 17. Be2 a5 18. Qd1 a4 19. Bd3 Nc4 20. Bxf5 Qxf5 21. Qe2
Re8 22. Qc2 Qg4 23. h3 Qh5 24. Na2 Rac8 25. Nb4 Bxb4 26. axb4 Qg6 27. Qc3 Qf5
28. Rfe1 g5 29. Bh2 h5 30. b3 axb3 31. Qxb3 g4 32. h4 Qf6 33. Bg3 Nd2 34. Qd3
Ne4 35. Rf1 Ra8 36. Qc2 Ra6 37. Qd1 Rea8 38. Qe1 Ra2 39. f3 gxf3 40. gxf3 Nd2
41. Be5 Nxf3+ 42. Rxf3 Qxf3 43. Qg3+ Qxg3+ 44. Bxg3 R8a6 0-1

[Event "Sparkassen-Open A"]
[Site "Heusenstamm, Martinsee"]
[Date "2017.11.25"]
[Round "4.111"]
[White "Traut, Stefan"]
[Black "Kail, Sindy"]
[Result "0-1"]
[WhiteElo "1695"]
[BlackElo "1861"]
[PlyCount "64"]
[EventDate "2017.??.??"]
[WhiteTeam "SF Heusenstamm"]
[BlackTeam "SK Klingenberg"]

1. d4 d5 2. Nf3 Nf6 3. c4 c6 4. e3 e6 5. Be2 dxc4 6. Bxc4 b5 7. Bd3 a6 8. O-O
Bb7 9. Nbd2 c5 10. b3 Nbd7 11. Bb2 Be7 12. Rc1 O-O 13. Qe2 Rc8 14. h3 cxd4 15.
Nxd4 Nc5 16. Ba1 Qd5 17. N2f3 Qh5 18. Rfd1 Nfe4 19. Nh2 Qg6 20. Nhf3 Qh6 21.
Rc2 b4 22. Rcc1 f5 23. Qe1 g5 24. Ne5 Bd6 25. Ndf3 Qh5 26. Rc2 Rfd8 27. Qxb4 g4
28. hxg4 fxg4 29. Nh2 g3 30. Nhf3 gxf2+ 31. Kf1 Qh1+ 32. Ke2 Qxd1+ 0-1

[Event "Sparkassen-Open A"]
[Site "Heusenstamm, Martinsee"]
[Date "2017.11.25"]
[Round "4.112"]
[White "Seepe, Uwe"]
[Black "Berkes, Jörg"]
[Result "1-0"]
[WhiteElo "1662"]
[BlackElo "1831"]
[PlyCount "135"]
[EventDate "2017.??.??"]
[WhiteTeam "SV Königsspringer Lemgo"]
[BlackTeam "SK Langen"]

1. d4 Nf6 2. Nf3 g6 3. b3 Bg7 4. e3 O-O 5. Nbd2 d5 6. c4 c6 7. Bb2 h6 8. Rc1
Qa5 9. a3 dxc4 10. Bxc4 Bf5 11. O-O Ne4 12. b4 Qd8 13. Qb3 g5 14. Nxe4 Bxe4 15.
Ne5 Bd5 16. Bxd5 cxd5 17. Rc5 e6 18. Rfc1 Bxe5 19. dxe5 Nc6 20. Qd1 Kg7 21.
R1c2 a6 22. Qc1 g4 23. e4 dxe4 24. R2c4 Qd3 25. Rc3 Qd7 26. Rg3 e3 27. Rxg4+
Kh8 28. fxe3 Rad8 29. Bd4 Rg8 30. Rf4 Rg6 31. Qf1 Rdg8 32. g3 R8g7 33. Rc2 Rg4
34. Rxg4 Rxg4 35. Qf6+ Kh7 36. Rf2 Rg7 37. Rf4 Ne7 38. Rf1 Nf5 39. Rxf5 exf5
40. e6 fxe6 41. Qxg7+ Qxg7 42. Bxg7 Kxg7 43. Kf2 Kf6 44. Kf3 Ke5 45. h3 h5 46.
a4 b6 47. e4 Kd4 48. exf5 exf5 49. Kf4 Kc4 50. Kxf5 Kxb4 51. g4 hxg4 52. hxg4
Kxa4 53. g5 b5 54. g6 b4 55. g7 b3 56. g8=Q Ka3 57. Qg3 Ka2 58. Qd3 a5 59. Qb5
b2 60. Qxa5+ Kb3 61. Qb5+ Kc2 62. Qc4+ Kd2 63. Qb3 Kc1 64. Qc3+ Kb1 65. Ke4 Ka2
66. Qc2 Ka1 67. Qa4+ Kb1 68. Kd3 1-0

[Event "Sparkassen-Open A"]
[Site "Heusenstamm, Martinsee"]
[Date "2017.11.25"]
[Round "4.113"]
[White "Spelleken, Hans-Gerd"]
[Black "Bitzer, André"]
[Result "1-0"]
[WhiteElo "1784"]
[BlackElo "1719"]
[PlyCount "41"]
[EventDate "2017.??.??"]
[WhiteTeam "SF Dettingen"]
[BlackTeam "SV Griesheim"]

1. Nf3 e6 2. d4 b6 3. e4 Bb7 4. Bd3 c5 5. c3 cxd4 6. cxd4 Bb4+ 7. Bd2 Qe7 8.
Nc3 Nf6 9. e5 Bxc3 10. bxc3 Ne4 11. Bxe4 Bxe4 12. O-O O-O 13. Bg5 Qa3 14. Re1
Bd5 15. Re3 Bc4 16. Nd2 d5 17. exd6 Qa5 18. Rg3 Rc8 19. Bh6 g6 20. Qf3 Nd7 21.
Nxc4 1-0

[Event "Sparkassen-Open A"]
[Site "Heusenstamm, Martinsee"]
[Date "2017.11.25"]
[Round "4.114"]
[White "Boder, Jan"]
[Black "Völler, Lothar"]
[Result "0-1"]
[WhiteElo "1756"]
[BlackElo "1708"]
[PlyCount "114"]
[EventDate "2017.??.??"]
[WhiteTeam "SG Mörsdorf-Lahr"]
[BlackTeam "FS Dortmund"]

1. b3 Nf6 2. Bb2 e6 3. e3 d5 4. f4 Be7 5. Nf3 Nc6 6. Bb5 Bd7 7. Nc3 a6 8. Bxc6
Bxc6 9. Ne5 d4 10. Nxc6 bxc6 11. Ne2 dxe3 12. dxe3 Bc5 13. Nd4 Ne4 14. Qf3 Qd5
15. O-O-O Nf6 16. Rhe1 Qxf3 17. gxf3 Bxd4 18. Rxd4 Rd8 19. Ra4 Ra8 20. Rg1 Nd5
21. Kd2 Kd7 22. Rxg7 Rhg8 23. Rxf7+ Ke8 24. Rxh7 Rg2+ 25. Kd3 Rd8 26. Rh8+ Kd7
27. Rxd8+ Kxd8 28. Rxa6 Nb4+ 29. Ke4 Nxa6 30. h4 Rxc2 31. Bf6+ Ke8 32. Ke5 Kf7
33. Bg5 Rxa2 34. f5 Ra5+ 35. Kf4 Rxf5+ 36. Kg4 Rb5 37. h5 Kg7 38. Bf4 Kh7 39.
b4 Rxb4 40. Kg5 Nb8 41. Kf6 c5 42. Kxe6 c4 43. Bxc7 c3 44. Ba5 c2 45. Bxb4 c1=Q
46. e4 Qh6+ 47. Kf5 Qxh5+ 48. Kf4 Nc6 49. Bc3 Kg6 50. Ke3 Ne5 51. Bxe5 Qxe5 52.
Ke2 Qf4 53. Kf2 Kg5 54. Ke2 Kh4 55. Kf2 Qd2+ 56. Kf1 Kg3 57. f4 Qf2# 0-1

[Event "Sparkassen-Open A"]
[Site "Heusenstamm, Martinsee"]
[Date "2017.11.25"]
[Round "4.115"]
[White "Meyer, Marcel"]
[Black "Dolaberidze, Nico"]
[Result "1-0"]
[WhiteElo "1751"]
[BlackElo "1454"]
[PlyCount "153"]
[EventDate "2017.??.??"]
[WhiteTeam "SC Herborn"]
[BlackTeam "SV Neu-Isenburg"]

1. d4 d5 2. c4 e6 3. Nc3 Nf6 4. cxd5 exd5 5. Bg5 Be7 6. e3 Bf5 7. Bxf6 Bxf6 8.
Qb3 b6 9. Qxd5 Qxd5 10. Nxd5 Bd8 11. Rc1 c6 12. Nb4 Bd7 13. Nf3 Be7 14. Nd3 O-O
15. Be2 f6 16. O-O a5 17. a3 Na6 18. Nf4 Nc7 19. Nd2 Rab8 20. Bf3 c5 21. dxc5
bxc5 22. Nc4 a4 23. Nd5 Nxd5 24. Bxd5+ Kh8 25. Rc2 Rfc8 26. Rd1 Bb5 27. Be6 Rd8
28. Rcd2 Rxd2 29. Rxd2 h6 30. Nd6 Rb6 31. Nxb5 Rxe6 32. Nc7 Rc6 33. Nd5 Rd6 34.
Kf1 Bd8 35. Ke2 Ba5 36. Rd1 Kh7 37. Nc3 Rxd1 38. Kxd1 Bxc3 39. bxc3 c4 40. Ke2
Kg6 41. e4 Kg5 42. Ke3 h5 43. Kd4 Kf4 44. Kxc4 Kxe4 45. Kb5 Kd3 46. c4 Kc3 47.
c5 Kb3 48. c6 Kxa3 49. Kc5 Kb2 50. c7 a3 51. c8=Q a2 52. Qb7+ Kc1 53. Qa6 Kb2
54. Qb5+ Kc2 55. Qa4+ Kb2 56. Kd6 a1=Q 57. Qxa1+ Kxa1 58. Ke6 Kb2 59. Kf7 Kc3
60. Kxg7 f5 61. Kg6 f4 62. Kf5 f3 63. gxf3 Kd4 64. Kg5 Ke5 65. f4+ Ke6 66. h4
Kf7 67. Kxh5 Kf6 68. Kg4 Kg6 69. f5+ Kf6 70. f4 Kg7 71. Kg5 Kf7 72. h5 Kg7 73.
h6+ Kh7 74. Kf6 Kh8 75. Ke7 Kg8 76. f6 Kh7 77. f7 1-0

[Event "Heusenstamm Sparkassen Open"]
[Site "Heusenstamm"]
[Date "2017.11.25"]
[Round "5.1"]
[White "Pitzanti, Matteo"]
[Black "Sumets, Andrey"]
[Result "0-1"]
[WhiteElo "2182"]
[BlackElo "2588"]
[PlyCount "114"]
[EventDate "2017.??.??"]

1. d4 Nf6 2. Nf3 d5 3. e3 c5 4. Bd3 Nc6 5. b3 cxd4 6. exd4 Bg4 7. c3 e6 8. Bf4
Bd6 9. Bxd6 Qxd6 10. Nbd2 O-O 11. O-O Rac8 12. Re1 Rc7 13. Re3 Rfc8 14. Qe1 Ne7
15. c4 b6 16. Qb1 Bf5 17. h3 h6 18. Qb2 Bxd3 19. Rxd3 Ne4 20. Re1 Nxd2 21. Nxd2
Nf5 22. Re5 a5 23. g3 Qb4 24. Qa1 a4 25. Re1 Ne7 26. Rb1 a3 27. Rc1 Nf5 28. Qb1
b5 29. Nf3 bxc4 30. bxc4 Qxb1 31. Rxb1 Rxc4 32. g4 Nd6 33. Rxa3 Ne4 34. Rab3
Rc1+ 35. Rxc1 Rxc1+ 36. Kg2 Rc2 37. a3 f6 38. Nh4 Rxf2+ 39. Kg1 Ra2 40. Ng6 Nd2
41. Rb8+ Kf7 42. Nh8+ Ke7 43. Rb7+ Ke8 44. Rxg7 Nf3+ 45. Kf1 Nxd4 46. Ng6 e5
47. Re7+ Kd8 48. Ra7 Nf3 49. Nf8 d4 50. Ne6+ Kc8 51. Nc5 Rc2 52. Ne4 d3 53. Rf7
Ng5 54. Nd6+ Kb8 55. Rf8+ Kc7 56. Rxf6 Rc1+ 57. Kf2 d2 0-1

[Event "Heusenstamm Sparkassen Open"]
[Site "Heusenstamm"]
[Date "2017.11.25"]
[Round "5.2"]
[White "Sivuk, Vitaly"]
[Black "Sai Agni Jeevitesh, J."]
[Result "1/2-1/2"]
[WhiteElo "2551"]
[BlackElo "2364"]
[PlyCount "110"]
[EventDate "2017.??.??"]

1. d4 Nf6 2. c4 e6 3. Nf3 Bb4+ 4. Nbd2 b6 5. a3 Bxd2+ 6. Qxd2 O-O 7. e3 Bb7 8.
Be2 d6 9. b4 Nbd7 10. O-O Qe7 11. Bb2 c5 12. Rfd1 Rfd8 13. dxc5 dxc5 14. Qd6
Qxd6 15. Rxd6 Kf8 16. Rad1 Ke7 17. Ne5 Nxe5 18. Bxe5 cxb4 19. axb4 Ne8 20. Rxd8
Rxd8 21. Ra1 Ra8 22. b5 Nf6 23. Bd4 Nd7 24. Bxg7 Bxg2 25. Kxg2 Rg8 26. Rxa7
Rxg7+ 27. Kf1 Kd6 28. Rb7 Rg8 29. f4 Rc8 30. Kg2 h6 31. Kh3 Rc7 32. Rxc7 Kxc7
33. Kh4 Nf6 34. e4 Nxe4 35. Kh5 Kd6 36. Kxh6 e5 37. Kg7 exf4 38. h4 Ng3 39. Bd3
Kc5 40. Kxf7 Kd4 41. Kg6 Kxd3 42. c5 f3 43. cxb6 f2 44. b7 f1=Q 45. b8=Q Qf5+
46. Kg7 Qg4+ 47. Kf7 Qxh4 48. Qd6+ Kc4 49. Qc6+ Kb4 50. b6 Nf5 51. b7 Qh7+ 52.
Kf6 Qh6+ 53. Kxf5 Qxc6 54. b8=Q+ Qb5+ 55. Qxb5+ Kxb5 1/2-1/2